Quizzes
Events
Quiz Creation
Community
Videos
Private Events
Remove Ads
Sign In
Join for FREE
Feedback
Dark Mode
Quiz Categories
Sports
Geography
Music
Movies
Television
Just For Fun
Miscellaneous
History
Literature
Language
Science
Gaming
Entertainment
Religion
Holiday
For Kids
Quiz Lab
Recent
Popular Today
Quiz Kudos Today
Editor Picks
Curator Picks
Quizzes by...
Day
Popularity
Type
Ratings
Length
Year
Community
Subscriptions
Recent Discussions
Orange Saloon
Badges
Playlists
Quests
Create
Leaderboards
Showdown
Live 5
Trivia Bingo
Activity
Puzzle Library
Sporcle Events
Private Events
Virtual Trivia
Globe League
Become a Host
Pub Owners
SporcleCon
Opinionation
Our Games
Videos
Blog
Mobile Apps
Partnerships
Remove Ads and Go Orange
Feedback
Music
Pop Music
The Beatles
Song
Album
Lyrics
Bands
Singers
Artist
Clip
Rock
Rap
Classical
Billboard
Country Music
Kpop
Taylor Swift
Music
Pop Music
The Beatles
Song
Album
Lyrics
Bands
Singers
Artist
Clip
Rock
Rap
Classical
Billboard
Country Music
Kpop
Taylor Swift
Random Quiz
Search Sporcle
×
Quiz Lab
Quiz Lab
Music
Song
Type in answers that appear in a list
Type in answers that appear in a list
Classic
Best Score? Go Orange.
Melodifestivalen 2010 Stats
Can you name the Melodifestivalen 2010 entrants?
By
shahafs
10m
32 Questions
121 Plays
121 Plays
121 Plays
Comments
Comments
Give Quiz Kudos
Give Quiz Kudos
-
- Ratings
hide this ad
Replay
Link that replays current quiz
Next Quiz
Link to next quiz in quiz playlist
You Got
0%
They Got
Avg Score
56%
Avg Friend Score
Upgrade to see
Score Distribution
Jump to the score distribution portion of the page
Score
0/32
Timer
10:00
0
Plays Today
Song title
Artist
% Correct
Manboy
Eric Saade
95%
This Is My Life
Anna Bergendahl
86.8%
Unstoppable
Ola
86%
Keep On Walking
Salem Al Fakir
84.3%
Kom
Timoteij
82.6%
You're Out of My Life
Darin
82.6%
Headlines
Alcazar
81.8%
I Did It For Love
Jessica Andersson
76%
Jag vill om du vågar
Pernilla Wahlgren
71.1%
Hollow
Peter Jöback
69.4%
A Place to Stay
Jenny Silver
68.6%
You're Making Me Hot-
Hot-
Hot
Linda Pritchard
67.8%
We Can Work It Out
Andreas Johnson
67.8%
Human Frontier
NEO
62%
Stop
Sibel
61.2%
Doctor Doctor
Elin Lanto
59.5%
Song title
Artist
% Correct
Sucker For Love
Pauline
57.9%
Heaven or Hell
Crucified Barbara
55.4%
Road Salt
Pain of Salvation
48.8%
Hippare Hoppare
Andra Generationen & Dogge Doggelito
46.3%
Manipulated
Hanna Lindblad
46.3%
Underbart
Kalle Moraeus & Orsa Spelmän
45.5%
Come and Get Me Now
MiSt & Highlights
39.7%
Singel
Frispråkarn
38%
Magisk stjärna
Py Bäckman
37.2%
The Saviour
Anders Ekborg
33.9%
Thursdays
Lovestoned
33.1%
Hur kan jag tro på kärlek?
Erik Linder
30.6%
Innan alla ljusen brunnit ut
Anna-Maria Espinosa
27.3%
Yeba
Getty Domein
26.4%
Idiot
Noll Disciplin
24.8%
Tonight
Johannes Bah Kuhnke
19.8%
Quiz Playlist
Details
Report
Send in Message
Add To Playlist
Classic:
Type in answers that appear in a list
Quiz Source
Last Updated: Feb 16, 2017
Quiz Scoreboard
CHALLENGE
Sign Up to Join the Scoreboard
Show All
Scores
Hide
Comments
May contain spoilers
Recently Published
NBA Finals Game Top Scorers (2010s)
by flibbidy
Sports
5m
Guess the 'R' Things in 3 Words
by MSUKent
Miscellaneous
3m
Actor to Badly Drawn Movie III
by MoMosMoProblems
Movies
5m
More to Explore
Quiz From the Vault
Featured Blog Post
Where Does Lost Luggage Go?
hide this ad
You Might Also Like...
Tags
Artist Quiz
Song Quiz
2010
entrant
final
Melodifestivalen
semi
Today's Top Quizzes in Music
Browse Music
hide this ad
Today's Top Quizzes in Song
Browse Song
Top Contributed Quizzes in Music
1
Taylor Swift All Songs (2024)
2
Image Sorting: Rock Albums II
3
Image Sorting: Rock Albums III
4
Image Sorting: Rock Albums IV
5
Image Sorting: Rock Albums V
6
Image Sorting: Rock Albums VI
7
Adjectives in 80s Songs
8
Taylor Swift Logic Puzzle
9
Image Sorting: Album Titles
10
Nickname Match: Musicians
Explore More
Trending Topics
Harry Potter
Crossword
Marvel
Kpop
NBA
Anime
Disney
WWE
Soccer
The Office
NFL
Country
Pokémon
Puzzle
Song
hide this ad
More By:
shahafs
Quiz
Plays
Rating
Category
Featured
Created
Top selling artists in the UK in 2010
200
5.00
Music
Jan 19, 2011
Melodifestivalen 2010
121
Music
Mar 19, 2010
Go to Creator's Profile
Score Distribution
Quiz Creator Spotlight
shahafs
Follow
Send a Message
Quizzes Created
-
Created Quiz Play Count
-
More By This Creator
Popular Quizzes Today
1
Find the US States - No Outlines Minefield
2
Find the US States
3
The Countries of the World
4
10 Largest US States in Order
5
Find the Countries of Europe - No Outlines Minefield
6
US States
7
Guess the 'R' Things in 3 Words
8
NBA Finals Game Top Scorers (2010s)
More Music Quizzes
More Composers By Country 7-to-1
Editor's Pick
Trending Quizzes
First Name TV: Leading Men
Match the Book to the Film II
First Name TV: Leading Women Drama
3-Word Movies in 1 Word II
Match the Book to the Film VI
Recently Updated
Women's Final Four Teams by Year
bhenderson79
Presidents Quartet II
eogle
Anything But Clue(do)
eogle
Anything But Oceanian Capitals
eogle
Anything But 7
eogle
Anything But Thing
eogle
Word Ladder: February 29
pecheneg
Song Title Questions
pecheneg
Women's NCAA Tournament #1 Seeds
pecheneg
Celebrity Mug Shots
pecheneg
Trending Topics
Marvel
Kpop
Anime
Disney
NBA
Crossword
Harry Potter
WWE
NFL
Country
Pokémon
Puzzle
The Office
Soccer
Song
Your Account Isn't Verified!
In order to create a playlist on Sporcle, you need to verify the email address you used during registration. Go to your
Sporcle Settings
to finish the process.
Report this User
Report this user for behavior that violates our
Community Guidelines
.
Details:
Send Report
Go to the Sporcle.com Mobile Site →
Comments